000 00331nam a2200169Ia 4500
100 _aRao/M.S
650 _aLeadership
942 _cBK
366 _f20
654 _aleadership
245 _aSecrets of your leadership success
260 _bSPD
_c2012
082 _bRAO
300 _a182
546 _aENGLISH
999 _c30444
_d30444